• 首页
  • 本馆介绍
  • 公告通知
  • 最新文献
  • 馆藏检索
  • 电子资源
  • 读者导购
  • 参考咨询
  • 我的图书馆
  • 登录
  • 详细信息显示
  • 放入我的书架
  • 预约/预借图书
  • 作者相关作品
  • 分类相关作品
  • 丛书相关作品
  • 出版社相关作品

书目信息

  • 表格格式
  • 工作单格式
  • 卡片格式
题名:
中国服务贸易保护的政治经济学分析
    
 
作者: 白洁 著
分册:  
出版信息: 北京   经济科学出版社  2013
页数: 161页
开本: 23cm
丛书名:
单 册:
中图分类: F752.68
科图分类:
主题词: 服务贸易--贸易保护--政治经济学--研究--中国 , 服务贸易 , 贸易保护 , 政治经济学
电子资源:
ISBN: 978-7-5141-4053-8
000 00999nam0 2200265 450
001 523
005 20140909101237.78
010    @a978-7-5141-4053-8@dCNY39.00
100    @a20140212d2013 kemy0chiy50 ea
101 0  @achi
102    @aCN@b110000
105    @ay v 000yy
106    @ar
200 1  @a中国服务贸易保护的政治经济学分析@AZhong Guo Fu Wu Mao Yi Bao Hu De Zheng Zhi Jing Ji Xue Fen Xi@f白洁著@FBai Jie Zhu
210    @a北京@c经济科学出版社@d2013
215    @a161页@d23cm
330    @a本书在对以往国内外文献进行梳理总结的基础上,结合中国的决策特点和服务贸易的特性,对传统的贸易保护政治经济学进行了修正,建立了适合中国国情的服务贸易保护政治经济学模型,并运用2001年到2010年十年间主要服务部门的数据进行了检验。
606 0  @a服务贸易@x贸易保护@x政治经济学@x研究@y中国
606 0  @a服务贸易
606 0  @a贸易保护
606 0  @a政治经济学
690    @aF752.68@v5
701  0 @a白洁@ABai Jie@c(女,@f1981~)@4著
801  0 @aCN@bTANGWEI@c20140603
905    @b0840172-74@dF752.68@e43@f3
    
    中国服务贸易保护的政治经济学分析/白洁著.-北京:经济科学出版社,2013
    161页;23cm
    
    
    ISBN 978-7-5141-4053-8:CNY39.00
    本书在对以往国内外文献进行梳理总结的基础上,结合中国的决策特点和服务贸易的特性,对传统的贸易保护政治经济学进行了修正,建立了适合中国国情的服务贸易保护政治经济学模型,并运用2001年到2010年十年间主要服务部门的数据进行了检验。
●
相关链接 在E读中查询图书 在五车中查询图书 在当当中查询图书 在豆瓣中查询图书


正题名:中国服务贸易保护的政治经济学分析     索取号:F752.68/43         预约/预借

序号 登录号 条形码 馆藏地/架位号 状态 备注
1 0840172   208401727   第一样本阅览室/ [索取号:F752.68/43] 在馆    
2 0840173   208401736   密集书库-海洋学院/ [索取号:F752.68/43] 在馆    
3 0840174   208401745   第一借阅区/ [索取号:F752.68/43] 在馆    
唐山师范学院图书馆 欢迎您!
大连网信软件有限公司© 版权所有